Il dottor H. : Haider e la nuova destra europea /

Gespeichert in:
Bibliographische Detailangaben
1. Verfasser: Luverà, Bruno (Verfasst von)
Format: Buch
Sprache:Italienisch
Veröffentlicht: Torino : Einaudi, \2000!
Schriftenreihe:Gli struzzi ; 521
Schlagworte:
Tags: Tag hinzufügen
Keine Tags, Fügen Sie das erste Tag hinzu!

MARC

LEADER 00000nam a2200000 i 4500
001 IT\ICCU\UBO\1066615
003 ItRI
005 20241227111426.0
008 000711s2000 it |||||| ||||| |||||c
015 |2 IT  |a 2001-275 
020 |a 8806155970 
040 |b ita  |c ARCIGAY RIMINI 
041 7 |a ita  |2 ISO-639-2 
082 |a 324.24  |2 21 
082 |a 324.2436038092  |2 21 
100 1 |a Luverà, Bruno  |0 IT\ICCU\TO0V\170505  |4 aut 
245 1 3 |a Il dottor H. :  |b Haider e la nuova destra europea /  |c Bruno Luverà. 
260 |a Torino :  |b Einaudi,  |c \2000! 
300 |a 220 p. ;  |c 20 cm. 
650 7 |a Haider, Jörg  |2 scbi 
830 4 |a Gli struzzi ;  |v 521  |0 IT\ICCU\CFI\0000238 
942 |2 ddc  |c BK 
952 |0 0  |1 0  |2 ddc  |4 0  |6 324_243000000000000_LUV_DOT  |7 1  |9 2399  |a RN  |b RN  |d 2024-12-27  |l 0  |o 324.243 LUV DOT  |p 9852  |r 2024-12-27 11:15:00  |w 2024-12-27  |y BK 
981 1 |6 z01  |a i   |b xxxe  
982 1 |6 z01  |a n 
999 |c 2097  |d 2097